000 00735nam a22002177a 4500
003 OSt
005 20220412120631.0
008 110301s2021 dr 000 0 spa d
020 _a9789945924978
040 _aDO-SdBNP
_bspa
_cBNPHU
082 _axxxx
_bN393e
100 1 _aNegro Veras, Ramón Antonio
_953018
_d1938-
245 1 0 _aEjerciendo la libertad de tránsito y la libertad de expresiòn /
_cRamón Antonio Negro Veras
260 _aSanto Domingo :
_bOcéano Azul ediciones.
_c2021.
300 _a221 p. :
_c23 cm.
500 _aIncluye datos biográficos del autor en la solapa de la portada.
500 _aIncluye índice onomástico.
590 _aInventariado, 2022/ YL
910 _aYLockward
942 _2ddc
_cLBS1
999 _c51532
_d51532